000 00429nam a22001697a 4500
003 CEME
005 20210628203949.0
008 210315b xxu||||| |||| 00| 0 eng d
020 _a0-7506-1723-3
040 _c.
082 _a621.3692 GIL
100 _aGilmore,Mike
_968053
245 _aFibre optic cabling , theory,design and installation practice
260 _aLONDON
_bNEWNES
_c1991
300 _a318P
942 _cBK
_2ddc
999 _c575712
_d575712